000 01307cam a2200277 4500
008 020816n2002 000 0 eng u
020 _a1842191071
022 _a14784971
035 _a(Sirsi) u119359
050 _a711.7
100 _aHine, P.
245 _aIntegrating transport and development
260 _aLondon
_bRICS
_c2002
300 _a19p.
_c30cm.
490 _aRICS Leading Edge Series
520 _aReport suggesting that preventing urban sprawl depends on the adoption of policies that ensure that new development takes place close to transport hubs. RICS has pioneered the concept of Transport Development Areas (TDAs) which offer the means for doing this. This new report shows that the TDA approach can be applied not just in the UK but anywhere in the world. Includes case studies.
650 _aINTEGRATED TRANSPORT
650 _aSUSTAINABLE DEVELOPMENT
650 _aTRANSPORT DEVELOPMENT AREAS
650 _aURBAN DEVELOPMENT
690 _aPROPERTY-PROPERTY DEVELOPMENT
710 _aRoyal Institution of Chartered Surveyors
_94900
710 _aRoyal Institution of Chartered Surveyors
_bPlanning and Development Faculty
_94351
856 _uhttps://www.rics.org/site/scripts/download_info.aspx?downloadID=3182
_vView the report on the RICS website...
942 _n0
999 _c102291
_d102291